Music Quiz

Random Music or Album Quiz

Billy Joel Albums and U.S. Presidents Quiz Stats

Quiz not verified by Sporcle

Challenge
Share
Tweet
Embed
Score 0/13 Timer 03:00
0 Plays Today
Album President % Correct
An Innocent Man???
58.6%
The Nylon Curtain???
52.6%
Storm Front???
48.3%
The Stranger???
47.4%
River of Dreams???
47.4%
Piano Man???
44.8%
52nd Street???
43.1%
The Bridge???
42.2%
Fantasies & Delusions???
40.5%
Cold Spring Harbor???
38.8%
Glass Houses???
37.9%
Turnstiles???
32.8%
Streetlife Serenade???
25%

You're not logged in!

Compare scores with friends on all Sporcle quizzes.
Sign Up with Email
OR
Log In

You Might Also Like...

Show Comments

Extras

Top Quizzes Today


Score Distribution

Your Account Isn't Verified!

In order to create a playlist on Sporcle, you need to verify the email address you used during registration. Go to your Sporcle Settings to finish the process.